000 01233cam a22003497a 4500
003 CHAP
005 20220329141454.0
008 971013s1989 r 00010 d
010 _a68722
011 _a69694
035 _a79171
040 _cCHAP
090 _aTesis
100 0 0 _aLópez Márquez, Abel.
_968125
245 0 _aDeterminación de la fecha de siembra del frijol Phaseolus vulgaris L. bajo condiciones de temporal en la sierra Huasteca potosina
260 _aChapingo, Méx. :
_bEl autor,
_c1989
300 _a72 h.
_b; gráfs.
502 _aTesis (Ing. Agrónomo Esp. en Fitotecnia) -- UACH. Departamento de Fitotecnia
590 _aALEPH
_b10
_c20130110
_lUCH01
_h1405
590 _aBATCH-UPD
_b10
_c20130110
_lUCH01
_h1034
590 _aBATCH-UPD
_b10
_c20130410
_lUCH01
_h0636
590 _aBATCH-UPD
_b10
_c20130913
_lUCH01
_h2152
590 _aCONVERSION
_b10
_c20130109
_lUCH01
_h1338
650 1 4 _aAgricultura de temporal.
_91999
650 1 4 _aFrijol
_xFechas de siembra.
_943378
650 1 4 _aFrijol
_xRendimiento.
_943429
650 1 4 _aFrijol
_xVariedades.
_943446
901 _aBK
942 _cFOLL
949 _bBC
_cTES
_d-32053
_eTS1
_h21521
_i79171
_si
949 _bBC
_cTES
_d-96116
_eTS2
_fc.2
_h21522
_i79171
_si
999 _c68722
_d68722